[Event "POL-ch U26"]
[Site "Zabrze"]
[Date "2015.01.10"]
[Round "2"]
[White "Grygierczyk, Wojciech"]
[Black "Leniart, Arkadiusz"]
[Result "1/2-1/2"]
[WhiteElo "2072"]
[BlackElo "2488"]
[PlyCount "90"]
[EventDate "2015.01.10"]
[EventType "swiss"]
[EventRounds "9"]
[EventCountry "POL"]
[SourceTitle "EXT 2016"]
[Source "ChessBase"]
[SourceDate "2015.10.08"]
[SourceVersion "1"]
[SourceVersionDate "2015.10.08"]
[SourceQuality "1"]

1. Nf3 Nf6 2. c4 e6 3. g3 d5 4. d4 dxc4 5. Bg2 Nbd7 6. 0-0 Rb8 7. a4 a6 8. Qc2 b5 9. axb5 axb5 10. Ne5 Nxe5 11. dxe5 Nd7 12. Bc6 Bc5 13. Rd1 Qe7 14. Qd2 0-0 15. Qf4 Rb6 16. Bf3 f6 17. exf6 Nxf6 18. Nc3 Rd6 19. Rxd6 cxd6 20. Nxb5 d5 21. Qe5 Bxf2+ 22. Kg2 Qc5 23. Nc3 Bd4 24. Qg5 e5 25. e3 e4 26. Be2 Bxc3 27. bxc3 h6 28. Qg6 Qb6 29. g4 Bd7 30. h4 Qe6 31. Ba3 Ra8 32. Kh3 h5 33. Bb2 Rxa1 34. Bxa1 Nxg4 35. Qxe6+ Bxe6 36. Bxg4 hxg4+ 37. Kg3 Kf7 38. Bb2 Ke7 39. Ba3+ Kd7 40. Bc5 Ke8 41. Bd4 Kf7 42. Be5 Kg6 43. Bd4 Kh6 44. Be5 g5 45. hxg5+ Kxg5 1/2-1/2

[Event "CZE-chT2F 1415"]
[Site "Czech Republic"]
[Date "2014.12.14"]
[Round "4.54"]
[White "Orzechowski, Jacek"]
[Black "Grygierczyk, Wojciech"]
[Result "0-1"]
[WhiteElo "2250"]
[BlackElo "2072"]
[PlyCount "80"]
[EventDate "2014.11.02"]
[EventType "team-tourn"]
[EventRounds "11"]
[EventCountry "CZE"]
[SourceTitle "EXT 2022"]
[Source "ChessBase"]
[SourceDate "2021.10.06"]
[SourceVersion "1"]
[SourceVersionDate "2021.10.06"]
[SourceQuality "1"]
[WhiteTeam "Ostrava Labortech II"]
[BlackTeam "Mosty u Jablunkova"]
[WhiteTeamCountry "CZE"]
[BlackTeamCountry "CZE"]

1. c4 c6 2. d4 d5 3. e3 e6 4. Bd3 f5 5. g4 Nf6 6. gxf5 exf5 7. Nc3 Be6 8. Qb3 Qb6 9. c5 Qc7 10. Bd2 g6 11. Nge2 Bh6 12. h4 Nbd7 13. Qc2 Kf7 14. f3 Rae8 15. 0-0-0 b6 16. cxb6 axb6 17. Kb1 c5 18. e4 Bxd2 19. exd5 Nxd5 20. Nxd5 Bxd5 21. Bc4 Be3 22. Bxd5+ Kg7 23. dxc5 bxc5 24. h5 Nf6 25. hxg6 hxg6 26. Rxh8 Rxh8 27. Qc3 f4 28. Be6 Rd8 29. Rxd8 Qxd8 30. Bb3 Qa8 31. Qe5 Qxf3 32. Qe7+ Kh6 33. Nc3 Bd4 34. Ne2 Qf2 35. a4 f3 36. Nxd4 Qxd4 37. Qe1 f2 38. Qc1+ Kg7 39. Bc4 Ne4 40. Bb5 c4 0-1

[Event "POL-UKR U26"]
[Site "Lublin"]
[Date "2012.11.22"]
[Round "3.3"]
[White "Shumilov, Ilya"]
[Black "Grygierczyk, Wojciech"]
[Result "1/2-1/2"]
[WhiteElo "2312"]
[BlackElo "2069"]
[PlyCount "63"]
[EventDate "2012.11.21"]
[EventType "team-tourn"]
[EventRounds "5"]
[EventCountry "POL"]
[SourceTitle "CBM 151 Extra"]
[Source "ChessBase"]
[SourceDate "2012.12.18"]
[SourceVersion "1"]
[SourceVersionDate "2012.12.18"]
[SourceQuality "1"]
[WhiteTeam "Kiev Taras Shevchenko Univ"]
[BlackTeam "Katowice Economic Univ"]
[WhiteTeamCountry "UKR"]
[BlackTeamCountry "POL"]

1. d4 Nf6 2. Nf3 c5 3. e3 cxd4 4. exd4 d5 5. Bd3 Bg4 6. 0-0 Nc6 7. c3 Qc7 8. Re1 e6 9. Bg5 Be7 10. Nbd2 0-0 11. Nf1 Rab8 12. a4 Bh5 13. Ng3 Bg6 14. Ne5 Bxd3 15. Qxd3 Ne8 16. Bxe7 Nxe7 17. h4 Nd6 18. h5 Nef5 19. Re2 a6 20. Nxf5 Nxf5 21. Qf3 h6 22. g4 Nd6 23. Kh1 Ne4 24. Qg2 Qe7 25. f3 Ng5 26. Rg1 Rbc8 27. a5 Qd8 28. f4 Ne4 29. g5 hxg5 30. fxg5 f6 31. gxf6 Qxf6 32. Ng6 1/2-1/2

[Event "Warsaw Najdorf Memorial op-A"]
[Site "Warsaw"]
[Date "2011.07.20"]
[Round "7"]
[White "Choroszej, Aleksander"]
[Black "Grygierczyk, Wojciech"]
[Result "1-0"]
[WhiteElo "2075"]
[BlackElo "2040"]
[PlyCount "75"]
[EventDate "2011.07.13"]
[EventType "swiss"]
[EventRounds "9"]
[EventCountry "POL"]
[SourceTitle "CBM 143 Extra"]
[Source "ChessBase"]
[SourceDate "2011.08.29"]
[SourceVersion "1"]
[SourceVersionDate "2011.08.29"]
[SourceQuality "1"]

1. d4 Nf6 2. c4 g6 3. Nc3 Bg7 4. e4 d6 5. f4 0-0 6. Nf3 c5 7. d5 e6 8. Be2 exd5 9. cxd5 Bg4 10. 0-0 Re8 11. h3 Bxf3 12. Bxf3 Nbd7 13. g4 h6 14. Qc2 a6 15. Be3 b5 16. Rae1 Rc8 17. h4 Nh7 18. g5 h5 19. e5 dxe5 20. f5 Qb6 21. Be4 Nhf8 22. f6 Bh8 23. Rd1 b4 24. Na4 Qb5 25. d6 c4 26. Rd5 Qb8 27. Nc5 Nxc5 28. Bxc5 Rxc5 29. Rxc5 Qb6 30. Qf2 Qxd6 31. Rxc4 Ne6 32. Bxg6 Nf4 33. Rxf4 exf4 34. Bxh5 Re3 35. Qxf4 Qd3 36. Bf3 Re6 37. Bg4 Re8 38. h5 1-0

[Event "Warsaw Najdorf Memorial op-A"]
[Site "Warsaw"]
[Date "2011.07.19"]
[Round "6"]
[White "Grygierczyk, Wojciech"]
[Black "Jarmula, Pawel"]
[Result "1/2-1/2"]
[WhiteElo "2040"]
[BlackElo "2119"]
[PlyCount "120"]
[EventDate "2011.07.13"]
[EventType "swiss"]
[EventRounds "9"]
[EventCountry "POL"]
[SourceTitle "CBM 143 Extra"]
[Source "ChessBase"]
[SourceDate "2011.08.29"]
[SourceVersion "1"]
[SourceVersionDate "2011.08.29"]
[SourceQuality "1"]

1. Nf3 g6 2. c4 Nf6 3. g3 Bg7 4. Bg2 0-0 5. 0-0 d6 6. Nc3 e5 7. d3 c6 8. Rb1 Ne8 9. d4 e4 10. Nxe4 Bf5 11. Nh4 Bd7 12. Nc3 Qb6 13. Nf3 Nf6 14. e4 Re8 15. Re1 Bg4 16. h3 Bxf3 17. Bxf3 Nbd7 18. Be3 Qb4 19. Qd3 c5 20. a3 Qb3 21. Bd1 Qb6 22. b4 cxd4 23. Bxd4 Ne5 24. Bxe5 dxe5 25. Ba4 Red8 26. Nd5 Qe6 27. Kg2 Rac8 28. Bb3 h5 29. h4 b6 30. Rbc1 Bh6 31. Rc3 Kh8 32. Re2 Nd7 33. Rec2 Nb8 34. c5 bxc5 35. Rxc5 Rxc5 36. Rxc5 Nc6 37. Qc3 Nd4 38. Ba2 g5 39. hxg5 Bxg5 40. Qd3 h4 41. Qd1 hxg3 42. Qh5+ Bh6 43. fxg3 Rg8 44. Rc7 Rg6 45. Nc3 Qd6 46. Rxf7 Nc2 47. Bd5 Ne3+ 48. Kh3 Ng4 49. Qf5 Bg7 50. Rd7 Qb6 51. Rd8+ Qxd8 52. Qxg6 Nh6 53. Nb5 Qd7+ 54. g4 Qxb5 55. g5 Qf1+ 56. Kg3 Qf4+ 57. Kg2 Qd2+ 58. Kg3 Qe3+ 59. Kg2 Qe2+ 60. Kg3 Qe3+ 1/2-1/2

[Event "Rewal op-B 14th"]
[Site "Rewal"]
[Date "2009.08.28"]
[Round "8"]
[White "Reza, Wojciech"]
[Black "Grygierczyk, Wojciech"]
[Result "1/2-1/2"]
[WhiteElo "1806"]
[BlackElo "1983"]
[PlyCount "44"]
[EventDate "2009.08.20"]
[EventType "swiss"]
[EventRounds "9"]
[EventCountry "POL"]
[SourceTitle "EXT 2011"]
[Source "ChessBase"]
[SourceDate "2010.11.26"]
[SourceVersion "1"]
[SourceVersionDate "2010.11.26"]
[SourceQuality "1"]

1. e4 c5 2. Nf3 Nc6 3. d4 cxd4 4. Nxd4 g6 5. Nc3 Bg7 6. Nde2 Nf6 7. g3 b5 8. a3 0-0 9. Bg2 Rb8 10. 0-0 d6 11. Nf4 Ne5 12. h3 Bd7 13. Qe2 a5 14. Ncd5 Bc6 15. Nxf6+ Bxf6 16. Nd5 Bg7 17. Rd1 Nc4 18. Rb1 Nb6 19. Bg5 Re8 20. b3 Qd7 21. Qd2 Bxd5 22. exd5 a4 1/2-1/2

[Event "Rewal op-B 14th"]
[Site "Rewal"]
[Date "2009.08.20"]
[Round "1"]
[White "Grygierczyk, Wojciech"]
[Black "Cwik, Jacek"]
[Result "1-0"]
[WhiteElo "1983"]
[BlackElo "1686"]
[PlyCount "85"]
[EventDate "2009.08.20"]
[EventType "swiss"]
[EventRounds "9"]
[EventCountry "POL"]
[SourceTitle "EXT 2011"]
[Source "ChessBase"]
[SourceDate "2010.11.26"]
[SourceVersion "1"]
[SourceVersionDate "2010.11.26"]
[SourceQuality "1"]

1. d4 d5 2. Nf3 Nf6 3. c4 e6 4. g3 Bb4+ 5. Bd2 Bxd2+ 6. Nbxd2 dxc4 7. Nxc4 0-0 8. Bg2 Nc6 9. 0-0 Bd7 10. Rc1 Rb8 11. Nce5 Nd5 12. Nxc6 Bxc6 13. Ne5 Bd7 14. e4 Ne7 15. Qc2 Bb5 16. Rfd1 f6 17. Nf3 Rc8 18. Qb3 Qd7 19. Bh3 f5 20. Ne5 Qe8 21. Qxe6+ Kh8 22. Re1 Rf6 23. Qb3 a6 24. exf5 Qh5 25. Bg4 Qe8 26. Qc2 Qf8 27. a4 Be8 28. Qc5 b6 29. Qa3 Nxf5 30. Qxf8+ Rxf8 31. b3 g6 32. Rc3 Rd8 33. Bxf5 Rxf5 34. Rxc7 b5 35. axb5 axb5 36. Re7 Kg8 37. Ng4 Kf8 38. Rxh7 Bf7 39. Nh6 Bg8 40. Rh8 Kg7 41. Rxg8+ Rxg8 42. Nxg8 Kxg8 43. Re5 1-0

[Event "Tarnowskie Gory Piasta Memorial 5th"]
[Site "Tarnowskie Gory"]
[Date "2007.08.22"]
[Round "4"]
[White "Grygierczyk, Wojciech"]
[Black "Jagiela, Piotr"]
[Result "1-0"]
[WhiteElo "1808"]
[BlackElo "1929"]
[PlyCount "33"]
[EventDate "2007.07.28"]
[EventType "swiss"]
[EventRounds "10"]
[EventCountry "POL"]
[SourceTitle "EXT 2011"]
[Source "ChessBase"]
[SourceDate "2010.11.26"]
[SourceVersion "1"]
[SourceVersionDate "2010.11.26"]
[SourceQuality "1"]

1. Nc3 d5 2. d4 Bf5 3. Bf4 c6 4. e3 e6 5. Bd3 Bd6 6. Bxd6 Qxd6 7. f4 Ne7 8. Nf3 f6 9. 0-0 Nd7 10. Ne2 b6 11. c4 0-0 12. Ng3 Bxd3 13. Qxd3 Qb4 14. Nd2 Qxb2 15. Rfb1 Nc5 16. dxc5 dxc4 17. Nxc4 1-0

[Event "Tarnowskie Gory Piasta Memorial 5th"]
[Site "Tarnowskie Gory"]
[Date "2007.08.02"]
[Round "8"]
[White "Grygierczyk, Wojciech"]
[Black "Tchorzewski, Kazimierz"]
[Result "0-1"]
[WhiteElo "1808"]
[BlackElo "1912"]
[PlyCount "82"]
[EventDate "2007.07.28"]
[EventType "swiss"]
[EventRounds "10"]
[EventCountry "POL"]
[SourceTitle "EXT 2011"]
[Source "ChessBase"]
[SourceDate "2010.11.26"]
[SourceVersion "1"]
[SourceVersionDate "2010.11.26"]
[SourceQuality "1"]

1. d4 Nf6 2. Nc3 b6 3. e4 Bb7 4. f3 d6 5. Be3 e6 6. Qd2 Be7 7. 0-0-0 c6 8. Bd3 a5 9. Nge2 a4 10. Rdf1 Ba6 11. Bxa6 Rxa6 12. g4 b5 13. g5 Nfd7 14. f4 b4 15. Nb1 c5 16. f5 e5 17. dxc5 dxc5 18. h4 Rd6 19. Qe1 c4 20. Qf2 Qa5 21. Rd1 c3 22. Rxd6 cxb2+ 23. Kxb2 Bxd6 24. Rd1 Qc7 25. Ng3 Nc6 26. Qd2 Na5 27. Qd3 Nc4+ 28. Ka1 Nxe3 29. Qxd6 Nxc2+ 30. Kb2 Qxd6 31. Rxd6 Nd4 32. Ra6 a3+ 33. Kc1 0-0 34. Rd6 Rc8+ 35. Kd1 Nc5 36. Nd2 Kf8 37. Rb6 Nd3 38. Ndf1 Nb2+ 39. Ke1 Rc2 40. Ne3 Nd3+ 41. Kd1 Rxa2 0-1

[Event "Tarnowskie Gory Piasta Memorial 5th"]
[Site "Tarnowskie Gory"]
[Date "2007.07.30"]
[Round "1"]
[White "Polishchuk, Oleg"]
[Black "Grygierczyk, Wojciech"]
[Result "1/2-1/2"]
[WhiteElo "2248"]
[BlackElo "1808"]
[PlyCount "100"]
[EventDate "2007.07.28"]
[EventType "swiss"]
[EventRounds "10"]
[EventCountry "POL"]
[SourceTitle "EXT 2011"]
[Source "ChessBase"]
[SourceDate "2010.11.26"]
[SourceVersion "1"]
[SourceVersionDate "2010.11.26"]
[SourceQuality "1"]

1. c4 e6 2. g3 d5 3. Bg2 Nf6 4. d4 c6 5. b3 Bd6 6. Nc3 0-0 7. Bg5 Nbd7 8. a3 h6 9. Bxf6 Nxf6 10. c5 Bc7 11. f4 Ng4 12. Bf3 Ne3 13. Qd3 Nf5 14. b4 b6 15. e3 a5 16. b5 cxb5 17. Nxb5 bxc5 18. dxc5 Ba6 19. a4 Rb8 20. Ne2 Qd7 21. e4 Ne7 22. exd5 exd5 23. Ned4 Nc6 24. Be2 Rfe8 25. Kf2 Nxd4 26. Qxd4 Re4 27. Qd2 Qe7 28. Rhc1 Re8 29. Bf3 Rc4 30. Rxc4 dxc4 31. Qd4 Rd8 32. Qe3 Qf6 33. Rb1 Bb8 34. c6 Bxb5 35. axb5 c3 36. b6 Rc8 37. c7 Bxc7 38. bxc7 Rxc7 39. Qe8+ Kh7 40. Be4+ g6 41. Qe5 Qd8 42. Qxa5 Qd2+ 43. Kf3 Re7 44. Qd5 Qxh2 45. Qc5 Rxe4 46. Kxe4 Qc2+ 47. Ke5 Qxb1 48. Qxc3 Qf5+ 49. Kd6 Qe6+ 50. Kc7 Qe7+ 1/2-1/2

[Event "POL-chT3 U19 Slaska"]
[Site "Slask"]
[Date "2007.05.20"]
[Round "10.20"]
[White "Grygierczyk, Wojciech"]
[Black "Matuszczyk, Przemyslaw"]
[Result "1/2-1/2"]
[WhiteElo "1736"]
[BlackElo "1885"]
[PlyCount "91"]
[EventDate "2007.01.27"]
[EventType "team-tourn"]
[EventRounds "11"]
[EventCountry "POL"]
[SourceTitle "EXT 2019"]
[Source "ChessBase"]
[SourceDate "2018.10.10"]
[SourceVersion "1"]
[SourceVersionDate "2018.10.10"]
[SourceQuality "1"]
[WhiteTeam "Katowice UKS Palac Mlodziezy U19"]
[BlackTeam "Rybnik MKSz U19 II"]
[WhiteTeamCountry "POL"]
[BlackTeamCountry "POL"]

1. d4 Nf6 2. c4 g6 3. Nc3 Bg7 4. e4 d6 5. f3 0-0 6. Bg5 Nbd7 7. Qd2 c5 8. d5 Re8 9. g4 Qa5 10. h4 a6 11. h5 Rb8 12. hxg6 fxg6 13. Qh2 Nf8 14. Nge2 b5 15. Ng3 Nxg4 16. Qd2 Ne5 17. Be2 Nf7 18. Be3 bxc4 19. 0-0 Bh3 20. Rfc1 Qb4 21. Rab1 Ne5 22. Kh2 Bd7 23. Bh6 Bh8 24. Rg1 Qb7 25. Nf5 Qc8 26. Ne3 Qd8 27. Nxc4 Nxc4 28. Bxc4 Bb5 29. Bxb5 axb5 30. f4 b4 31. Ne2 e6 32. Bg5 Qd7 33. Rbf1 exd5 34. exd5 h6 35. Bh4 Qf7 36. Qd3 Bf6 37. Bxf6 Qxf6 38. b3 Ra8 39. Qc2 Ra7 40. Ng3 Qh4+ 41. Kg2 Re3 42. Rf3 Rxf3 43. Kxf3 Qf6 44. Ne4 Qf5 45. Qd2 Rd7 46. Rh1 1/2-1/2

[Event "POL-chT3 U19 Slaska"]
[Site "Slask"]
[Date "2007.02.10"]
[Round "3.32"]
[White "Grygierczyk, Wojciech"]
[Black "Graczyk, Damian"]
[Result "1/2-1/2"]
[WhiteElo "1736"]
[BlackElo "1877"]
[PlyCount "139"]
[EventDate "2007.01.27"]
[EventType "team-tourn"]
[EventRounds "11"]
[EventCountry "POL"]
[SourceTitle "EXT 2019"]
[Source "ChessBase"]
[SourceDate "2018.10.10"]
[SourceVersion "1"]
[SourceVersionDate "2018.10.10"]
[SourceQuality "1"]
[WhiteTeam "Katowice UKS Palac Mlodziezy U19"]
[BlackTeam "Czestochowa UKS Hetman U19 II"]
[WhiteTeamCountry "POL"]
[BlackTeamCountry "POL"]

1. d4 d5 2. c4 e6 3. cxd5 exd5 4. Nc3 c6 5. Bf4 Nf6 6. Qc2 g6 7. e3 Bf5 8. Bd3 Bxd3 9. Qxd3 Bg7 10. h3 0-0 11. Nf3 Re8 12. 0-0 Nbd7 13. b4 Ne4 14. Rab1 Nxc3 15. Qxc3 Nf6 16. Rfc1 Ne4 17. Qd3 g5 18. Bh2 h5 19. Nd2 g4 20. hxg4 hxg4 21. Nxe4 Rxe4 22. b5 Re6 23. bxc6 bxc6 24. Bg3 Bf8 25. Qf5 Rg6 26. Rb7 Qe8 27. Rcb1 Qe6 28. Qxe6 Rxe6 29. Rc7 Bd6 30. Bxd6 Rxd6 31. Rbb7 Rf6 32. Rxa7 Rb8 33. Rcb7 Rc8 34. Rb6 Kg7 35. a4 c5 36. dxc5 Rxc5 37. Rxf6 Kxf6 38. a5 Rc1+ 39. Kh2 Ra1 40. Kg3 Ra4 41. a6 Ke6 42. Ra8 Kd7 43. a7 Ke7 44. Kh4 Kf6 45. Rd8 Rxa7 46. Rxd5 Ke6 47. e4 Ra4 48. Rg5 Rxe4 49. Rxg4 Re2 50. Kg3 Ra2 51. Rf4 f6 52. Rb4 Kf5 53. f3 Rc2 54. Rb5+ Kg6 55. Kh3 Rf2 56. Rb3 Kg5 57. g3 Rc2 58. f4+ Kf5 59. Rb5+ Kg6 60. Kg4 Rc7 61. f5+ Kh6 62. Kh4 Rc4+ 63. g4 Rc1 64. Rb7 Rh1+ 65. Kg3 Rg1+ 66. Kf3 Rf1+ 67. Kg2 Rc1 68. Rf7 Kg5 69. Rg7+ Kf4 70. Rg6 1/2-1/2

[Event "POL-chT3 Liga Slaska"]
[Site "Poland"]
[Date "2007.01.28"]
[Round "1"]
[White "Grygierczyk, Wojciech"]
[Black "Banasik, Henryk"]
[Result "1/2-1/2"]
[WhiteElo "1736"]
[BlackElo "2116"]
[PlyCount "55"]
[EventDate "2007.01.28"]
[EventType "team-swiss"]
[EventRounds "9"]
[EventCountry "POL"]
[SourceTitle "EXT 2011"]
[Source "ChessBase"]
[SourceDate "2010.11.26"]
[SourceVersion "1"]
[SourceVersionDate "2010.11.26"]
[SourceQuality "1"]
[WhiteTeam "Katowice UKS Palac Mlodziezy"]
[BlackTeam "Gliwice Roszada Fluor"]
[WhiteTeamCountry "POL"]
[BlackTeamCountry "POL"]

1. d4 d5 2. c4 Nc6 3. Nc3 e6 4. Bf4 a6 5. e3 Nf6 6. a3 Be7 7. Bd3 0-0 8. Nf3 dxc4 9. Bxc4 Nd5 10. Bg3 Nxc3 11. bxc3 b5 12. Bd3 Bb7 13. 0-0 Na5 14. Ne5 g6 15. a4 f5 16. f3 b4 17. cxb4 Bxb4 18. Qc2 Qe7 19. Nc4 Nxc4 20. Bxc4 Rac8 21. Qb3 Rfe8 22. a5 c5 23. Be5 Bc6 24. Rfc1 Bb5 25. Qd3 Qd7 26. Rab1 Bxc4 27. Qxc4 Qb5 28. Qxb5 1/2-1/2

[Event "Rewal op 11th"]
[Site "Rewal"]
[Date "2006.08.28"]
[Round "10"]
[White "Ni, Viktorija"]
[Black "Grygierczyk, Wojciech"]
[Result "1/2-1/2"]
[WhiteElo "2076"]
[BlackElo "1736"]
[PlyCount "47"]
[EventDate "2006.08.21"]
[EventType "swiss"]
[EventRounds "11"]
[EventCountry "POL"]
[SourceTitle "EXT 2010"]
[Source "ChessBase"]
[SourceDate "2010.11.25"]
[SourceVersion "1"]
[SourceVersionDate "2010.11.25"]
[SourceQuality "1"]

1. d4 c5 2. d5 e5 3. c4 d6 4. Nc3 g6 5. e4 Bg7 6. Nf3 Ne7 7. a3 Na6 8. b4 0-0 9. Rb1 b6 10. b5 Nc7 11. a4 f5 12. Bd3 Bd7 13. h4 h6 14. h5 g5 15. exf5 Bxf5 16. Ne4 Bg4 17. Ng3 Nf5 18. Nxf5 Bxf5 19. Bxf5 Rxf5 20. Qc2 Rf7 21. Nd2 Ne8 22. Ne4 a5 23. Rb3 Nf6 24. Rf3 1/2-1/2